000 00341nam a2200145Ia 4500
008 230917s9999||||xx |||||||||||||| ||und||
040 _e47775
_aMAIN
041 _aEnglish
082 _a853.9 M797C
100 _aMoravia, Alberto
245 0 _aConformist
260 _aLondon
_bSecker and Warburg
_c1957
300 _a317 p.
942 _cBK
999 _c188174
_d188174